| 000 | 04673nas a22002777a 4500 | ||
|---|---|---|---|
| 003 | NALT | ||
| 005 | 20250903145213.0 | ||
| 006 | a|||p|r|||| 00| 0 | ||
| 007 | ta | ||
| 008 | 250903b th |||p| |||| 00| 0 tha d | ||
| 040 | _aNALT | ||
| 041 | _atha | ||
| 245 | 0 | 0 | _aดุลพาห ปีที่ 46 เล่มที่ 1-2 (มกราคม-ธันวาคม 2542). |
| 260 | _aรุ่งศิลป์การพิมพ์. | ||
| 310 | _aรายหกเดือน | ||
| 500 | _aวารสารเย็บเล่ม | ||
| 505 | 2 | _aปีที่ 46 เล่ม 1 ม.ค.-มิ.ย. 2542 -- ร่างกฎหมายต้นแบบของ UNCITRAL เกี่ยวกับการล้มละลายข้ามชาติ -- มาตรการฟื้นฟูลูกหนี้ตามกฎหมายล้มละลายของสหรัฐอเมริกา -- กฎหมายการแข่งขัน ทางการค้า : แนวคิดพื้นฐานเชิงเศรษฐศาสตร์และเจตนารมณ์ -- การสั่งจ่ายเช็คอิเล็กทรอนิกส์บนเครือข่ายอินเทอร์เน็ต ข้อพิจารณาบางประการ : ความรับผิดของผู้สั่งจ้าง -- ปัญหาบางประการ ในเรื่องอายุความตาม พ.ร.บ.การรับขนของทางทะเล พ.ศ. 2535 -- วิธีพิจารณาคดีมโนสาเร่และคดีไม่มีข้อยุ่งยากที่แก้ไขใหม่ : บทบาทของศาลที่ต้องเปลี่ยนแปลง -- กระบวนการใหม่ในการพิจารณาคดี -- ความแตกต่างของปัจเจกบุคคลของผู้พิพากษาไทยที่มีอิทธิพลต่อจุดประสงค์การลงโทษในคดีอาญา -- ท่าทีของประเทศไทยต่อการจัดตั้งศาลอาญาระหว่างประเทศ -- ผู้ให้เช่าเหมาเรือกระทำผิดสัญญา เช่าเหมาเรือ ผู้เช่าเหมาเรือบอกเลิกสัญญาไม่ได้ -- ค่าขึ้นศาล. | |
| 505 | 2 | _aปีที่ 46 เล่ม 2 ก.ค.-ธ.ค. 2542 -- กระบวนการยุติธรรมในสหัสวรรษหน้า : มุมมองของนักวิชาการ -- โครงสร้างศาลยุติธรรม/มุมมองตามวิชาทฤษฎีองค์การ -- การพัฒนาข้าราชการ : สถาบัน พัฒนาข้าราชการฝ่ายตุลาการ -- ปัญหากฎหมายอันเกี่ยวกับคนข้ามชาติ: ปัญหากฎหมายของสหัสวรรษที่สามของโลก -- ภาษีมรดก -- อำนาจฟ้องของผู้รับตราส่ง -- ทรัพย์สินที่ตกเป็นของ แผ่นดินตามประมวลกฎหมายแพ่งและพาณิชย์ -- กรณีต้องทำความเข้าใจเบื้องต้นในกฎหมายฟอกเงินของไทย -- ปัญหาเกี่ยวกับการใช้ดุลพินิจลงโทษในคดีอาญา -- พระราชบัญญัติประกอบ รัฐธรรมนูญที่ไมสอดคล้องกับบทบัญญัติแห่งรัฐธรรมนูญ -- ความทรงจำเกี่ยวกับผู้พิพากษาหญิงคนแรก -- ร้องสอด. | |
| 650 | 0 |
_aกฎหมายฟอกเงิน _99168 |
|
| 650 | 0 |
_aการแข่งขันทางการค้า _95724 |
|
| 850 | _aNALT | ||
| 866 | _aปีที่ 46 เล่มที่ 1-2 (มกราคม-ธันวาคม 2542). | ||
| 942 | _cBOUND | ||
| 996 |
_aaroonthip.c _bLIBSTF _c2025-09-03 |
||
| 999 |
_c107179 _d107179 |
||
| 998 |
_h179 _j179 _k นางสาวอรุณทิพย์ จันทร์ดิษฐ์ |
||